000 00598nam a22001817a 4500
005 20251108164137.0
008 250721s2000 xx 000 0 ara d
082 1 4 _a345.003/سعد
100 1 _aالسعدني، سعد
245 1 0 _aموسوعة القوانين الجنائية الخاصة بأحدث التعديلات الصادرة حتى عام 2000 /
250 _aط2.
264 1 _aالاسكندرية :
_bدار المعارف،
_c2000.
300 _a809ص
650 1 7 _aالقانون الجنائي
650 1 7 _aالغش و التدليس
942 _2ddc
_cBK
999 _c4723
_d4723